Cuadernos del sur 15 /

Guardado en:
Formato: Libro
Publicado: Bah¡a Blanca : Departamento de Humanidades, 1983
Series:Cuadernos del Sur, 15
Materias:
Etiquetas: Agregar Etiqueta
Sin Etiquetas, Sea el primero en etiquetar este registro!
LEADER 00848nam a22002295a 4500
001 CEM.cems006977
005 20060214000000.0
008 130507s1983##################000#0#####d
003 CEMS
082 0 4 |a 001.3 
245 0 0 |a Cuadernos del sur 15 / 
260 |a Bah¡a Blanca :  |b Departamento de Humanidades,  |c 1983 
300 |a 245 p. 
490 0 |a Cuadernos del Sur, 15 
653 |a Bahia blanca-inmigracion 
653 |a Mito del cherrufe 
653 |a Publicaciones periodicas 
859 |a CEMS  |b BIB. CEMS - 11 de abril  |h 001.3  |i C891-15  |p 12713.83  |t Ej.1 
859 |a CEMS  |b BIB. CEMS - 11 de abril  |h 001.3  |i C891-15  |p 12714.83  |t Ej.2 
859 |a CEMS  |b BIB. CEMS - 11 de abril  |h 001.3  |i C891-15  |p 13158.84  |t Ej.3 
859 |a CEMS  |b BIB. CEMS - 11 de abril  |h 001.3  |i C891-15  |p 13164.84  |t Ej.4 
859 |a CEMS  |b BIB. CEMS - 11 de abril  |h 001.3  |i C891-15  |p 13672.86  |t Ej.5